| 000 | 00644nam a2200205 u 4500 | ||
|---|---|---|---|
| 005 | 20240806064035.0 | ||
| 008 | 080414s2001 es r 000 0 spa d | ||
| 020 | _a8489902410 | ||
| 035 | _aUPN01000155398 | ||
| 049 | _aI | ||
| 050 | 4 |
_aPS2618 _bC5.5 |
|
| 100 | 1 |
_aPoe, Edgar Allan, _d1809-1849 _929415 |
|
| 245 | 1 | 0 |
_aCinco cuentos de mujeres / _cEdgar Allan Poe ; selec. y nota introd. de Gonzalo Suárez ; tr. de Julio Cortázar. |
| 260 |
_aBarcelona, Esp. : _bSirpus, _c2001. |
||
| 300 | _a103 p. | ||
| 440 | 0 |
_aBenteveo ; _v2 |
|
| 650 | 4 |
_aLiteratura estadounidense _95229 |
|
| 700 | 1 |
_aSuárez, González, _ecomp. |
|
| 905 | _aInfantil | ||
| 999 |
_c127513 _d127513 |
||